000 00885cam a22002771 4500
001 sa 66005123
003 DLC
005 20260227112247.0
008 780809m19659999ii b 000 0 tib
010 _asa 66005123
035 _a(OCoLC)4122572
040 _aDLC
_cPU
_dDLC
041 0 _atib
_beng
042 _apremarc
050 0 0 _aBQ124
_b.B87 1965
100 0 _aBu-ston Rin-chen-grub,
_d1290-1364.
245 0 4 _aThe collected works of Bu-ston.
_cEdited by Lokesh Chandra from the collections of Raghu Vira.
260 _aNew Delhi,
_bInternational Academy of Indian Culture,
_c1965-
300 _a v.
_c29 x 45 cm.
490 1 _aŚata-piṭaka series. Indo Asian literatures, v. 41-
500 _aIn Tibetan; pref. in English.
504 _aBibliographical footnotes.
700 0 _aRaghu Vira.
700 0 _aLokesh Chandra,
_eed.
830 0 _aŚatapiṭka ;
_vv. 41-
999 _c69821
_d69821